000 00283nam a22001337a 4500
008 180308b xxu||||| |||| 00| 0 eng d
020 _a9780964843011
041 _aeng
080 _a34
100 _a14
101 _aSHJ
245 _aEquine Law
_cFershtman,J.I
942 _2udc
_cBK
999 _c44370
_d44370